[Event "CorpSoft Nordic 2006"]
[Site "Valby"]
[Date "2006.04.22"]
[Round "1"]
[White "Aadnoy, Hallvard"]
[Black "Skovgaard, Peter Nicolai"]
[Result "1/2-1/2"]
[WhiteElo "2266"]
[BlackElo "2165"]
[PlyCount "116"]
[EventDate "2006.??.??"]

1. e4 c5 2. Nf3 d6 3. d4 cxd4 4. Nxd4 Nf6 5. Nc3 g6 6. Be2 Bg7 7. O-O O-O 8.
Bg5 Nc6 9. Nb3 b6 10. Re1 Bb7 11. Bf1 Rc8 12. Qd2 Ne5 13. Rad1 Nc4 14. Bxc4
Rxc4 15. e5 Ne4 16. Nxe4 Rxe4 17. Rxe4 Bxe4 18. exd6 Qxd6 19. Qxd6 exd6 20. c3
f6 21. Bf4 Rd8 22. f3 Bc2 23. Rxd6 Rxd6 24. Bxd6 Bxb3 25. axb3 Kf7 26. Bb8 a6
27. Ba7 b5 28. Bd4 Bh6 29. Kf2 Ke6 30. Ke2 f5 31. Kd3 Kd5 32. g4 fxg4 33. fxg4
Bc1 34. c4+ Kd6 35. Ke4 Bg5 36. c5+ Kc6 37. Ke5 b4 38. Ke6 h5 39. h3 hxg4 40.
hxg4 Bc1 41. Kf6 g5 42. Ke5 Bf4+ 43. Ke4 Bc1 44. Kf5 Kd5 45. Bf6 Kxc5 46. Bxg5
Bxb2 47. Be7+ Kb5 48. g5 a5 49. Bf6 Bc1 50. g6 Bh6 51. Ke6 a4 52. bxa4+ Kxa4
53. Kf7 b3 54. Bb2 Kb4 55. Kg8 Ka4 56. Kh7 Bf8 57. Bc3 Ka3 58. Kg8 Bh6 1/2-1/2

[Event "CorpSoft Nordic 2006"]
[Site "Valby"]
[Date "2006.04.24"]
[Round "1"]
[White "Carstensen, Jacob"]
[Black "Lund, Silas"]
[Result "1/2-1/2"]
[WhiteElo "2289"]
[BlackElo "2319"]
[PlyCount "44"]
[EventDate "2006.??.??"]

1. d4 d5 2. c4 c6 3. Nc3 Nf6 4. e3 a6 5. Nf3 b5 6. cxd5 cxd5 7. Be2 e6 8. Ne5
Bd6 9. f4 O-O 10. O-O Bb7 11. Bd2 Nbd7 12. Be1 Rc8 13. Bh4 Qa5 14. Nxd7 Nxd7
15. Bd3 f5 16. Ne2 Nb6 17. b3 Nd7 18. a4 b4 19. Kh1 Nf6 20. Bxf6 Rxf6 21. Rc1
Rff8 22. Qd2 h6 1/2-1/2

[Event "CorpSoft Nordic 2006"]
[Site "Valby"]
[Date "2006.04.22"]
[Round "1"]
[White "Hermansson, Emil"]
[Black "Bekker Jensen, Simon"]
[Result "1/2-1/2"]
[WhiteElo "2441"]
[BlackElo "2398"]
[PlyCount "43"]
[EventDate "2006.??.??"]

1. e4 c5 2. Nf3 d6 3. d4 Nf6 4. Nc3 cxd4 5. Nxd4 a6 6. Be3 e5 7. Nb3 Be6 8. f3
Be7 9. Qd2 O-O 10. O-O-O Nbd7 11. g4 Qc7 12. Kb1 b5 13. g5 Nh5 14. Nd5 Bxd5 15.
exd5 Nb6 16. Rg1 g6 17. Na5 Nxd5 18. Qxd5 Qxa5 19. c4 Rab8 20. Rg4 Ng7 21. cxb5
axb5 22. h4 1/2-1/2

[Event "CorpSoft Nordic 2006"]
[Site "Valby"]
[Date "2006.04.22"]
[Round "1"]
[White "Jakobsen, Ole"]
[Black "Smith, Andrew"]
[Result "1/2-1/2"]
[WhiteElo "2401"]
[BlackElo "2190"]
[PlyCount "44"]
[EventDate "2006.??.??"]

1. d4 Nf6 2. c4 c5 3. e3 g6 4. Nc3 Bg7 5. Nf3 O-O 6. Be2 cxd4 7. exd4 d5 8. h3
Nc6 9. O-O dxc4 10. Bxc4 Na5 11. Be2 b6 12. b4 Nc6 13. a3 Nd5 14. Nxd5 Qxd5 15.
Bb2 Bb7 16. Rc1 Rad8 17. Bc4 Qd6 18. Qe2 e6 19. Rfd1 Ne7 20. Ne5 Nd5 21. Qd2
Qe7 22. Bf1 Rc8 1/2-1/2

[Event "CorpSoft Nordic 2006"]
[Site "Valby"]
[Date "2006.04.22"]
[Round "1"]
[White "Pedersen, Henrik Dahl"]
[Black "Naes, Flovin Tor"]
[Result "1-0"]
[WhiteElo "2162"]
[BlackElo "2273"]
[PlyCount "173"]
[EventDate "2006.??.??"]

1. e4 e5 2. Nf3 Nc6 3. Bb5 a6 4. Bxc6 dxc6 5. O-O f6 6. d4 exd4 7. Qxd4 Qxd4 8.
Nxd4 c5 9. Nb3 Bd6 10. Be3 b6 11. Nc3 Bb7 12. Nd5 Ne7 13. Rad1 Nxd5 14. exd5
O-O-O 15. c4 c6 16. dxc6 Bxc6 17. Rd2 Be5 18. f4 Rxd2 19. Nxd2 Bc7 20. g3 h5
21. Nf3 Rd8 22. Kf2 a5 23. Rc1 a4 24. Ke2 Be4 25. Kf2 Kb7 26. Nd2 Bf5 27. Nf3
Kc6 28. Ke2 Be4 29. Kf2 Rd6 30. Nd2 Bd3 31. Nf3 Re6 32. Ne1 Be4 33. Nf3 Bd8 34.
Nd2 Bh7 35. Nf3 Bg8 36. Rd1 Re8 37. Rc1 Be7 38. Nd2 g5 39. Rc3 g4 40. Rc1 f5
41. Rc3 Bf6 42. Rc2 Bf7 43. Nf1 Re4 44. Nd2 Re7 45. Nf1 Bd4 46. Ke2 b5 47. b3
bxc4 48. bxc4 Rb7 49. Kd3 Rb1 50. Rc1 Rb2 51. Bxd4 cxd4 52. Kxd4 Rxa2 53. Ne3
Be6 54. Nc2 Rb2 55. Kc3 Rb3+ 56. Kd4 Bd7 57. Ra1 Rb2 58. Ne3 Rd2+ 59. Kc3 Rxh2
60. Rxa4 Rh3 61. Ra6+ Kb7 62. Rd6 Kc7 63. Rd3 Be6 64. Ng2 Rh1 65. Nh4 Rc1+ 66.
Kd4 Rxc4+ 67. Ke5 Re4+ 68. Kf6 Bd7 69. Nxf5 Re6+ 70. Kg5 Rc6 71. Nh4 Rc5+ 72.
f5 Ra5 73. Kg6 Rb5 74. f6 Rb6 75. Kg7 Be6 76. f7 Bxf7 77. Kxf7 Ra6 78. Ke7 Rb6
79. Rc3+ Kb7 80. Nf5 Rb4 81. Kf6 Rb1 82. Kg5 Rf1 83. Nh4 Ra1 84. Kxh5 Ra4 85.
Ng6 Ra6 86. Nf4 Ra5+ 87. Kxg4 1-0

[Event "CorpSoft Nordic 2006"]
[Site "Valby"]
[Date "2006.04.23"]
[Round "2"]
[White "Bekker Jensen, Simon"]
[Black "Aadnoy, Hallvard"]
[Result "1-0"]
[WhiteElo "2398"]
[BlackElo "2266"]
[PlyCount "71"]
[EventDate "2006.??.??"]

1. d4 d6 2. Nf3 Nd7 3. c4 c6 4. Nc3 e5 5. e4 Be7 6. Be2 Ngf6 7. O-O O-O 8. h3
a6 9. a4 a5 10. Be3 exd4 11. Nxd4 Nc5 12. Qc2 Re8 13. Rad1 Qc7 14. f4 Bf8 15.
Bf3 g6 16. Rfe1 Bd7 17. Bf2 Rad8 18. g4 h6 19. Bg3 Bc8 20. Kh2 Nfd7 21. Bh4 Be7
22. Ndb5 Qb8 23. Bxe7 Rxe7 24. Nxd6 g5 25. e5 gxf4 26. Nf5 Re6 27. Rd6 Rde8 28.
Nxh6+ Kg7 29. Qf5 Nxe5 30. Rxe5 Qxd6 31. Qxf7+ Kh8 32. Rxe6 Qxe6 33. Qh5 Kg7
34. Nf5+ Kf6 35. Qh6+ Ke5 36. Qg7+ 1-0

[Event "CorpSoft Nordic 2006"]
[Site "Valby"]
[Date "2006.04.23"]
[Round "2"]
[White "Lund, Silas"]
[Black "Jakobsen, Ole"]
[Result "1-0"]
[WhiteElo "2319"]
[BlackElo "2401"]
[PlyCount "63"]
[EventDate "2006.??.??"]

1. d4 Nf6 2. c4 c5 3. Nf3 cxd4 4. Nxd4 a6 5. Nc3 e6 6. e4 Qc7 7. Be2 b6 8. O-O
Bb7 9. f3 Nc6 10. Be3 Nxd4 11. Bxd4 Bc5 12. Na4 e5 13. Nxc5 bxc5 14. Bc3 O-O
15. Qd2 a5 16. Rfd1 Ra6 17. Qg5 Re8 18. Rd3 Bc8 19. Rad1 h6 20. Qd2 Ree6 21. g3
a4 22. Bf1 d6 23. Bg2 Ne8 24. f4 Re7 25. f5 h5 26. h3 Bb7 27. g4 hxg4 28. hxg4
Nf6 29. Rh3 Nh7 30. Bf3 g5 31. f6 Re6 32. Rxh7 1-0

[Event "CorpSoft Nordic 2006"]
[Site "Valby"]
[Date "2006.04.23"]
[Round "2"]
[White "Naes, Flovin Tor"]
[Black "Carstensen, Jacob"]
[Result "0-1"]
[WhiteElo "2273"]
[BlackElo "2289"]
[PlyCount "78"]
[EventDate "2006.??.??"]

1. d4 d5 2. c4 dxc4 3. Nf3 Nf6 4. e3 Bg4 5. Bxc4 e6 6. Qb3 Bxf3 7. gxf3 c5 8.
dxc5 Bxc5 9. Nc3 Nbd7 10. f4 O-O 11. Qxb7 Nb6 12. Be2 Nfd5 13. Nxd5 Nxd5 14.
O-O Qh4 15. Bf3 Bb6 16. b3 Rfd8 17. Qa6 Rac8 18. Qe2 Qf6 19. Ba3 Nc3 20. Qb2 e5
21. Bb7 Rc7 22. fxe5 Qxe5 23. Bg2 Qh5 24. Rfe1 Nb5 25. Rac1 Nxa3 26. Qxa3 Rcd7
27. Qa4 Bc7 28. h3 Qe5 29. Qg4 h5 30. Qa4 Rd2 31. b4 Qh2+ 32. Kf1 Bg3 33. Re2
Rxe2 34. Kxe2 Qxg2 35. Rf1 Bh4 36. Qxa7 Qd5 37. Qa6 Ra8 38. Rd1 Qxd1+ 39. Kxd1
Rxa6 0-1

[Event "CorpSoft Nordic 2006"]
[Site "Valby"]
[Date "2006.04.23"]
[Round "2"]
[White "Skovgaard, Peter Nicolai"]
[Black "Pedersen, Henrik Dahl"]
[Result "1/2-1/2"]
[WhiteElo "2165"]
[BlackElo "2162"]
[PlyCount "82"]
[EventDate "2006.??.??"]

1. e4 e6 2. d3 d5 3. Nd2 dxe4 4. dxe4 b6 5. Ngf3 Bb7 6. c3 Nf6 7. Qc2 Nbd7 8.
Bc4 Bd6 9. O-O Qe7 10. Re1 Ng4 11. h3 Nge5 12. Nxe5 Nxe5 13. Bb5+ c6 14. Be2 g5
15. Nf3 h6 16. Nxe5 Bxe5 17. Be3 h5 18. Bd4 Qf6 19. Qa4 g4 20. Bb5 Kd7 21. Rad1
Kc7 22. Ba6 Rad8 23. Bxb7 Kxb7 24. Bxe5 Qxe5 25. Qb4 Qg5 26. Rxd8 Rxd8 27. hxg4
hxg4 28. g3 a5 29. Qc4 Rd2 30. b4 Qb5 31. Qb3 a4 32. Qa3 Qd3 33. Qxa4 Qf3 34.
Rf1 Rd8 35. b5 Rh8 36. bxc6+ Kc7 37. Qa7+ Kxc6 38. Qa4+ Kc7 39. Qa7+ Kd6 40.
Qxb6+ Ke7 41. Qc7+ Kf8 1/2-1/2

[Event "CorpSoft Nordic 2006"]
[Site "Valby"]
[Date "2006.04.23"]
[Round "3"]
[White "Aadnoy, Hallvard"]
[Black "Pedersen, Henrik Dahl"]
[Result "1-0"]
[WhiteElo "2266"]
[BlackElo "2162"]
[PlyCount "81"]
[EventDate "2006.??.??"]

1. d4 d5 2. c4 e6 3. Nc3 Nf6 4. cxd5 exd5 5. Bg5 Be7 6. e3 O-O 7. Bd3 Nbd7 8.
Qc2 Re8 9. Nge2 c6 10. O-O Ne4 11. Bxe4 dxe4 12. Bf4 f5 13. Nd5 Bd6 14. Qb3
Bxf4 15. Nf6+ Kh8 16. Nxe8 Bxh2+ 17. Kxh2 Qxe8 18. Ng3 Nf6 19. Rh1 Rb8 20. Qa3
a6 21. Qd6 Be6 22. Kg1 Rd8 23. Qf4 Rd5 24. Rc1 Rb5 25. a4 Rd5 26. Rc5 Qc8 27.
Ne2 b6 28. Rc1 c5 29. Qg3 Qd8 30. Qg5 h6 31. Nf4 Qd6 32. Rxh6+ gxh6 33. Qxf6+
Kg8 34. Nxe6 Qd7 35. Qg6+ Kh8 36. Qxh6+ Kg8 37. Qf8+ Kh7 38. Ng5+ Kg6 39. Qg8+
Kf6 40. Nh7+ Ke7 41. Qf8+ 1-0

[Event "CorpSoft Nordic 2006"]
[Site "Valby"]
[Date "2006.04.23"]
[Round "3"]
[White "Bekker Jensen, Simon"]
[Black "Smith, Andrew"]
[Result "1-0"]
[WhiteElo "2398"]
[BlackElo "2190"]
[PlyCount "93"]
[EventDate "2006.??.??"]

1. d4 Nf6 2. c4 c5 3. d5 g6 4. Nc3 Bg7 5. e4 d6 6. Be2 O-O 7. Bg5 e6 8. Qd2
exd5 9. exd5 Re8 10. Nf3 Bg4 11. O-O Nbd7 12. h3 Bxf3 13. Bxf3 a6 14. a4 Qe7
15. Rae1 Qf8 16. Bd1 Rxe1 17. Rxe1 Ne5 18. Be2 h6 19. Be3 Re8 20. f4 Ned7 21.
Bf3 Nh7 22. Bf2 Ndf6 23. Rxe8 Qxe8 24. Qe1 Qd7 25. Qd2 g5 26. g4 gxf4 27. Qxf4
Nf8 28. Bd1 Ng6 29. Qg3 Ne5 30. b3 b6 31. Bc2 Nh7 32. Bf5 Qe7 33. h4 Nf8 34.
Ne4 Nfg6 35. Kg2 Nf8 36. g5 Kh8 37. Qe3 Neg6 38. gxh6 Bd4 39. Qg5 Bxf2 40. Kxf2
Qe5 41. Bxg6 Qb2+ 42. Qd2 Qe5 43. Qc3 Nxg6 44. Qxe5+ Nxe5 45. Nxd6 Kh7 46. Nf5
Kg6 47. d6 1-0

[Event "CorpSoft Nordic 2006"]
[Site "Valby"]
[Date "2006.04.23"]
[Round "3"]
[White "Carstensen, Jacob"]
[Black "Skovgaard, Peter Nicolai"]
[Result "1/2-1/2"]
[WhiteElo "2289"]
[BlackElo "2165"]
[PlyCount "101"]
[EventDate "2006.??.??"]

1. d4 Nf6 2. Bg5 d5 3. Nc3 Nbd7 4. Nf3 e6 5. e3 Be7 6. Bd3 O-O 7. O-O b6 8. e4
dxe4 9. Nxe4 Bb7 10. Qe2 Nxe4 11. Bxe7 Qxe7 12. Bxe4 Bxe4 13. Qxe4 Nf6 14. Qe2
c5 15. Rad1 cxd4 16. Rxd4 Rad8 17. Rfd1 Rxd4 18. Rxd4 Rd8 19. Qd2 Rxd4 20. Qxd4
h6 21. h3 Nd7 22. c3 Nc5 23. b4 Nb7 24. a3 Qd6 25. c4 Qxd4 26. Nxd4 Kf8 27. Nb5
a5 28. Kf1 axb4 29. axb4 Ke7 30. Ke2 Kd7 31. Kd3 Nd8 32. f4 Nc6 33. Kc3 e5 34.
fxe5 Nxe5 35. Nd4 g6 36. Nf3 Nc6 37. c5 bxc5 38. bxc5 Ne7 39. Kc4 f6 40. Nd4 h5
41. g3 g5 42. g4 hxg4 43. hxg4 Ng6 44. Kd5 Ne7+ 45. Ke4 Kc7 46. Nf5 Ng6 47. Ne3
Kc6 48. Kf5 Ne5 49. Kxf6 Nxg4+ 50. Nxg4 Kxc5 51. Kxg5 1/2-1/2

[Event "CorpSoft Nordic 2006"]
[Site "Valby"]
[Date "2006.04.23"]
[Round "3"]
[White "Hermansson, Emil"]
[Black "Lund, Silas"]
[Result "1-0"]
[WhiteElo "2441"]
[BlackElo "2319"]
[PlyCount "151"]
[EventDate "2006.??.??"]

1. e4 e5 2. Nf3 Nc6 3. Bb5 Nf6 4. O-O Nxe4 5. d4 Nd6 6. Bxc6 dxc6 7. dxe5 Nf5
8. Qxd8+ Kxd8 9. Nc3 h6 10. h3 a5 11. Bf4 Be6 12. Rad1+ Kc8 13. g4 Ne7 14. Nd4
Bd7 15. Rfe1 Ng6 16. e6 fxe6 17. Nxe6 Nxf4 18. Nxf4 Bd6 19. Nh5 g6 20. Nf6 Rd8
21. Kg2 b6 22. Rd3 c5 23. Nxd7 Kxd7 24. Ne4 Kc6 25. Nxd6 Rxd6 26. Rxd6+ Kxd6
27. f4 a4 28. a3 b5 29. Re4 Kd5 30. Kf3 Rb8 31. c3 Rf8 32. h4 Rf6 33. Ke3 Rf8
34. Kf3 Rf6 35. Re7 b4 36. cxb4 cxb4 37. Rxc7 Rb6 38. Re7 bxa3 39. bxa3 Rb3+
40. Kg2 Rxa3 41. h5 gxh5 42. Re5+ Kd4 43. Rxh5 Ke4 44. f5 Kf4 45. f6 Rg3+ 46.
Kh2 Kxg4 47. Rf5 Kxf5 48. f7 Rg5 49. f8=Q+ Kg6 50. Qe8+ Kg7 51. Qxa4 Kg6 52.
Qe8+ Kg7 53. Kh3 Kf6 54. Kh4 Kg7 55. Qd7+ Kg6 56. Qe7 Rh5+ 57. Kg4 Rg5+ 58. Kf4
Rf5+ 59. Ke4 Rg5 60. Qd7 h5 61. Qe6+ Kg7 62. Kf4 Rg6 63. Qe5+ Kf7 64. Qxh5 Kg7
65. Qe5+ Kf7 66. Kf5 Rg7 67. Qd5+ Ke7 68. Qb7+ Kf8 69. Qc8+ Kf7 70. Qd8 Rh7 71.
Qd7+ Kg8 72. Qe8+ Kg7 73. Kg5 Rh8 74. Qe7+ Kg8 75. Kg6 Rh1 76. Qg7# 1-0

[Event "CorpSoft Nordic 2006"]
[Site "Valby"]
[Date "2006.04.23"]
[Round "3"]
[White "Jakobsen, Ole"]
[Black "Naes, Flovin Tor"]
[Result "1-0"]
[WhiteElo "2401"]
[BlackElo "2273"]
[PlyCount "53"]
[EventDate "2006.??.??"]

1. d4 Nf6 2. c4 e6 3. Nf3 d5 4. Nc3 c6 5. e3 Be7 6. Bd3 O-O 7. O-O dxc4 8. Bxc4
b5 9. Bd3 a6 10. e4 c5 11. dxc5 b4 12. Na4 Qa5 13. Qc2 g6 14. Bf4 Nc6 15. Nb6
Ra7 16. Nc4 Qd8 17. Nd6 e5 18. Nxe5 Nd4 19. Qc4 Ne6 20. Nc6 Qd7 21. Nxe7+ Qxe7
22. Nxc8 Rxc8 23. Bd6 Qd8 24. e5 Nxc5 25. Bxc5 Nd7 26. Be7 Qe8 27. Qd4 1-0

[Event "CorpSoft Nordic 2006"]
[Site "Valby"]
[Date "2006.04.25"]
[Round "4"]
[White "Naes, Flovin Tor"]
[Black "Hermansson, Emil"]
[Result "0-1"]
[WhiteElo "2273"]
[BlackElo "2441"]
[PlyCount "80"]
[EventDate "2006.??.??"]

1. d4 Nf6 2. Bg5 d5 3. Bxf6 exf6 4. e3 Be6 5. g3 c6 6. Bg2 Nd7 7. Ne2 Bd6 8.
O-O h5 9. b3 f5 10. Qd3 h4 11. c4 Qg5 12. Nbc3 dxc4 13. bxc4 Qh6 14. Rfb1 Rb8
15. Rb2 hxg3 16. hxg3 g5 17. Rab1 b6 18. c5 bxc5 19. Rxb8+ Bxb8 20. Bxc6 Ke7
21. dxc5 Ne5 22. Rb7+ Kf6 23. Qd4 Kg6 24. Rxb8 Qh2+ 25. Kf1 Ng4 26. e4 Rxb8 27.
exf5+ Bxf5 28. Be4 Bxe4 29. Qxe4+ f5 30. Qe6+ Nf6 31. c6 Qh3+ 32. Kg1 Rh8 33.
f4 Qh2+ 34. Kf1 Qh1+ 35. Kf2 Qh2+ 36. Ke1 Re8 37. Qd6 Qxg3+ 38. Kd1 Qe3 39. Nd5
Qxe2+ 40. Kc1 Qc4+ 0-1

[Event "CorpSoft Nordic 2006"]
[Site "Valby"]
[Date "2006.04.25"]
[Round "4"]
[White "Pedersen, Henrik Dahl"]
[Black "Carstensen, Jacob"]
[Result "1/2-1/2"]
[WhiteElo "2162"]
[BlackElo "2289"]
[PlyCount "117"]
[EventDate "2006.??.??"]

1. e4 c5 2. Nc3 d6 3. f4 g6 4. Nf3 Bg7 5. Bc4 e6 6. O-O Ne7 7. d3 Nbc6 8. f5
gxf5 9. Ng5 d5 10. Qh5 Ne5 11. Bb5+ Kf8 12. exf5 exf5 13. Bf4 N5g6 14. Rae1 h6
15. Rxe7 hxg5 16. Re8+ Qxe8 17. Bd6+ Kg8 18. Qxh8+ Bxh8 19. Bxe8 Be6 20. Ba4 c4
21. dxc4 dxc4 22. Nd1 Rd8 23. Bc5 b6 24. Bf2 f4 25. Nc3 Bxc3 26. bxc3 Rd2 27.
Bd4 Bd5 28. Rf2 Rd1+ 29. Rf1 Rd2 30. Rf2 Rd1+ 31. Rf1 Rxf1+ 32. Kxf1 Nh4 33.
Bf6 Nxg2 34. Bxg5 Kh7 35. Bd8 Ne3+ 36. Kg1 f3 37. Bh4 f5 38. Bd7 Be4 39. Bg3
Nd1 40. Be1 Bxc2 41. Be6 Bd3 42. Bd5 Be2 43. Bc6 Kg6 44. h4 f4 45. Be8+ Kf6 46.
Ba4 Ne3 47. Bd7 Kg6 48. Bc6 Ng4 49. Be8+ Kh6 50. Bd7 Ne5 51. Be8 Bd3 52. Bf2
Bf5 53. Bd4 Nd3 54. Bf7 Nc1 55. Bxc4 Kh5 56. Bf6 Kg4 57. Kf2 Nd3+ 58. Bxd3 Bxd3
59. Be7 1/2-1/2

[Event "CorpSoft Nordic 2006"]
[Site "Valby"]
[Date "2006.04.25"]
[Round "4"]
[White "Skovgaard, Peter Nicolai"]
[Black "Jakobsen, Ole"]
[Result "1/2-1/2"]
[WhiteElo "2165"]
[BlackElo "2401"]
[PlyCount "165"]
[EventDate "2006.??.??"]

1. e4 c5 2. Nf3 e6 3. c3 d5 4. exd5 exd5 5. d4 Nc6 6. Be3 c4 7. b3 cxb3 8. axb3
Nf6 9. Bd3 Bg4 10. Nbd2 Be7 11. O-O Qc7 12. b4 O-O 13. b5 Na5 14. Qa4 b6 15.
Rac1 Bd6 16. Ne5 Bxe5 17. dxe5 Qxe5 18. Bf4 Qh5 19. f3 Bd7 20. g4 Qh4 21. Bg3
Qh6 22. Bf4 g5 23. Be5 Be6 24. c4 Nxc4 25. Nxc4 dxc4 26. Bxc4 Nd7 27. Bb2 Nc5
28. Qb4 Bxc4 29. Qxc4 Qe6 30. Qc3 f6 31. Rfe1 Qf7 32. Ba3 Rac8 33. Bxc5 Rxc5
34. Qd3 Qd5 35. Qxd5+ Rxd5 36. Re7 Rf7 37. Rc8+ Kg7 38. Ree8 Rxb5 39. Rg8+ Kh6
40. Kg2 Rc5 41. Rcd8 Rcc7 42. Kg3 Rg7 43. Rgf8 Rcf7 44. Rh8 Kg6 45. h4 gxh4+
46. Kxh4 Rd7 47. Rde8 Rde7 48. Ref8 Ref7 49. Re8 Re7 50. Ref8 Re1 51. f4 Rh1+
52. Kg3 b5 53. Rb8 f5 54. g5 Rb1 55. Rbf8 Kh5 56. Rxf5 Rb3+ 57. Kf2 Kg4 58.
Rhf8 Rc7 59. Re5 Rc2+ 60. Re2 Rf3+ 61. Ke1 Rxe2+ 62. Kxe2 Rxf4 63. Rg8 a5 64.
Kd2 Kf5 65. Rg7 Rg4 66. Rxh7 Rxg5 67. Kc3 Ke6 68. Ra7 b4+ 69. Kc4 Kd6 70. Ra6+
Kc7 71. Rh6 Rg3 72. Ra6 Ra3 73. Kc5 Kb7 74. Rb6+ Ka7 75. Rh6 b3 76. Rh7+ Kb8
77. Kc6 a4 78. Rh8+ Ka7 79. Rh7+ Ka6 80. Rh8 Ka5 81. Kc5 Ka6 82. Kc6 Ka7 83.
Rh7+ 1/2-1/2

[Event "CorpSoft Nordic 2006"]
[Site "Valby"]
[Date "2006.04.25"]
[Round "4"]
[White "Smith, Andrew"]
[Black "Aadnoy, Hallvard"]
[Result "1/2-1/2"]
[WhiteElo "2190"]
[BlackElo "2266"]
[PlyCount "63"]
[EventDate "2006.??.??"]

1. e4 Nf6 2. e5 Nd5 3. c4 Nb6 4. c5 Nd5 5. Bc4 e6 6. Qg4 Nc6 7. Nf3 Ndb4 8. Na3
b6 9. d4 Bb7 10. O-O Ne7 11. Bd2 h5 12. Qh3 Ned5 13. Qg3 Qb8 14. Ng5 Be7 15.
Qf3 f6 16. exf6 gxf6 17. Ne4 f5 18. Ng3 Nf6 19. Qe2 Nbd5 20. Bg5 h4 21. Nxf5
exf5 22. Qe5 Rg8 23. Qxf5 Rg7 24. Rfe1 Rxg5 25. Qxg5 Kf8 26. Qh6+ Kf7 27. Rxe7+
Kxe7 28. Qg7+ Kd8 29. Re1 c6 30. Bxd5 Nxd5 31. Qf8+ Kc7 32. Qd6+ 1/2-1/2

[Event "CorpSoft Nordic 2006"]
[Site "Valby"]
[Date "2006.04.26"]
[Round "5"]
[White "Aadnoy, Hallvard"]
[Black "Carstensen, Jacob"]
[Result "1-0"]
[WhiteElo "2266"]
[BlackElo "2289"]
[PlyCount "179"]
[EventDate "2006.??.??"]

1. d4 d5 2. Nf3 Nf6 3. c4 dxc4 4. e3 Bg4 5. Bxc4 e6 6. O-O Nbd7 7. h3 Bh5 8.
Nbd2 c5 9. dxc5 Bxc5 10. b3 O-O 11. Bb2 Qe7 12. Qe2 Rfd8 13. Rad1 Ba3 14. Ba1
e5 15. e4 a6 16. g4 Bg6 17. Nh4 b5 18. Bd3 Bd6 19. Bb1 Nc5 20. Ng2 Ne6 21. Nf3
Nd7 22. Rd2 f6 23. Rfd1 Bc5 24. a4 Bb4 25. Rd5 Bf7 26. axb5 Nc7 27. R5d3 axb5
28. Bc3 Bc5 29. Qd2 Be6 30. Ba5 Rxa5 31. Qxa5 Rc8 32. Qd2 Nf8 33. Ne3 Bb4 34.
Qe2 Ng6 35. Ng2 Na6 36. Re3 Bc5 37. Qxb5 Nc7 38. Qb7 Bxe3 39. Nxe3 Qa3 40. Nd5
Qa6 41. Qxa6 Nxa6 42. Bd3 Nc5 43. Bc4 Kf7 44. Nd2 Rb8 45. Ra1 Nf4 46. Ra7+ Kf8
47. Ra5 Nb7 48. Rb5 Nxh3+ 49. Kg2 Ng5 50. f3 Bc8 51. Nb6 Nd6 52. Nd7+ Bxd7 53.
Rxb8+ Ke7 54. Bd5 Nb5 55. Rg8 g6 56. Rg7+ Kd8 57. Nc4 Nd4 58. Nb6 Bb5 59. Bc4
Be8 60. Ra7 Ndxf3 61. Ra8+ Ke7 62. Nd5+ Kf7 63. Nc7+ Ke7 64. Nxe8 Ne1+ 65. Kf1
Nc2 66. Nc7 Ne3+ 67. Ke2 Nxg4 68. Nd5+ Kd6 69. Ra6+ Kc5 70. Nxf6 Nxf6 71. Rxf6
Nxe4 72. Rf7 h5 73. Ke3 Nd6 74. Rf6 g5 75. Bf7 h4 76. b4+ Kc6 77. Rg6 h3 78.
b5+ Kc5 79. Be6 h2 80. Rh6 Nxb5 81. Rxh2 Nc7 82. Bf7 Kd6 83. Ke4 Ke7 84. Bd5
Kf6 85. Rf2+ Kg6 86. Kxe5 g4 87. Rf8 Kg5 88. Kd6 g3 89. Kxc7 Kg4 90. Rg8+ 1-0

[Event "CorpSoft Nordic 2006"]
[Site "Valby"]
[Date "2006.04.26"]
[Round "5"]
[White "Bekker Jensen, Simon"]
[Black "Naes, Flovin Tor"]
[Result "1/2-1/2"]
[WhiteElo "2398"]
[BlackElo "2273"]
[PlyCount "103"]
[EventDate "2006.??.??"]

1. d4 Nf6 2. c4 e6 3. Nc3 Bb4 4. e3 b6 5. Nge2 Ne4 6. f3 Nxc3 7. bxc3 Be7 8.
Ng3 Ba6 9. Bd3 Nc6 10. O-O Na5 11. Qe2 d6 12. Ne4 Qd7 13. Nd2 Qa4 14. e4 c5 15.
Bb2 Rc8 16. d5 e5 17. g3 h5 18. f4 Bf6 19. Nb3 Bxc4 20. Nxa5 Bxd3 21. Qxd3 c4
22. Qf3 Qxa5 23. fxe5 dxe5 24. a4 Qc5+ 25. Kg2 h4 26. g4 h3+ 27. Kh1 Qc7 28.
Qf5 Qd7 29. g5 Qxf5 30. Rxf5 Be7 31. Rxe5 Kd7 32. Rf1 f6 33. Rxe7+ Kxe7 34.
Ba3+ Kd7 35. gxf6 gxf6 36. Rxf6 Rce8 37. Rf7+ Kd8 38. Rf4 Rh5 39. Kg1 Rhe5 40.
Rf7 Rxe4 41. Rxa7 Re1+ 42. Kf2 R8e2+ 43. Kg3 Re3+ 44. Kg4 Rxc3 45. Bb4 Re4+ 46.
Kf5 Rce3 47. d6 Rd4 48. a5 bxa5 49. Bxa5+ Ke8 50. Bb4 Rd5+ 51. Kf6 Rd1 52. Rc7
1/2-1/2

[Event "CorpSoft Nordic 2006"]
[Site "Valby"]
[Date "2006.04.26"]
[Round "5"]
[White "Hermansson, Emil"]
[Black "Skovgaard, Peter Nicolai"]
[Result "1-0"]
[WhiteElo "2441"]
[BlackElo "2165"]
[PlyCount "79"]
[EventDate "2006.??.??"]

1. e4 c5 2. Nf3 d6 3. d4 cxd4 4. Nxd4 Nf6 5. Nc3 g6 6. Be3 Bg7 7. f3 O-O 8. Qd2
Nc6 9. Bc4 Bd7 10. O-O-O Rc8 11. Bb3 Nxd4 12. Bxd4 b5 13. Nd5 Nxd5 14. Bxg7
Kxg7 15. exd5 a5 16. a3 b4 17. axb4 axb4 18. Qxb4 Kg8 19. Rhe1 Re8 20. Rd4 Rb8
21. Qc3 Qb6 22. Kd1 Bb5 23. Re3 Ra8 24. Ke1 Ra1+ 25. Kf2 Rh1 26. Rh4 Qa7 27.
Kg3 Qa1 28. Qb4 Qf1 29. Bc4 Bxc4 30. Qxc4 Qc1 31. Qe2 Rg1 32. b4 h5 33. Rhe4
Rd1 34. c4 g5 35. f4 h4+ 36. Kh3 Rh1 37. fxg5 Ra8 38. g6 Ra1 39. gxf7+ Kf8 40.
Rxh4 1-0

[Event "CorpSoft Nordic 2006"]
[Site "Valby"]
[Date "2006.04.26"]
[Round "5"]
[White "Jakobsen, Ole"]
[Black "Pedersen, Henrik Dahl"]
[Result "1-0"]
[WhiteElo "2401"]
[BlackElo "2162"]
[PlyCount "39"]
[EventDate "2006.??.??"]

1. d4 Nf6 2. Nf3 d5 3. c4 e6 4. Nc3 c6 5. e3 Nbd7 6. Bd3 Be7 7. O-O O-O 8. b3
Qc7 9. Bb2 b6 10. Rc1 Bb7 11. Qe2 Rac8 12. Ne5 c5 13. cxd5 exd5 14. Nb5 Qb8 15.
Bf5 Rcd8 16. Nxd7 Nxd7 17. Bxd7 Rxd7 18. dxc5 Bc6 19. Nd4 Rc8 20. Nxc6 1-0

[Event "CorpSoft Nordic 2006"]
[Site "Valby"]
[Date "2006.04.26"]
[Round "5"]
[White "Smith, Andrew"]
[Black "Lund, Silas"]
[Result "0-1"]
[WhiteElo "2190"]
[BlackElo "2319"]
[PlyCount "40"]
[EventDate "2006.??.??"]

1. e4 e5 2. d4 exd4 3. Qxd4 Nc6 4. Qe3 Nf6 5. Nc3 Bb4 6. Bd2 O-O 7. O-O-O Re8
8. Qg3 Rxe4 9. a3 Bc5 10. f4 Re8 11. Bd3 d5 12. Nh3 Bg4 13. Rdf1 d4 14. Nd1 Qd5
15. c4 dxc3 16. Nxc3 Qd7 17. Nf2 Rad8 18. Nxg4 Nxg4 19. Na4 Be3 20. Bxe3 Rxe3
0-1

[Event "CorpSoft Nordic 2006"]
[Site "Valby"]
[Date "2006.04.27"]
[Round "6"]
[White "Carstensen, Jacob"]
[Black "Jakobsen, Ole"]
[Result "1/2-1/2"]
[WhiteElo "2289"]
[BlackElo "2401"]
[PlyCount "97"]
[EventDate "2006.??.??"]

1. d4 d6 2. c4 e5 3. Nf3 e4 4. Ng5 f5 5. g3 Be7 6. Nh3 c6 7. d5 Nf6 8. Bg2 O-O
9. O-O Nbd7 10. Nc3 Ne5 11. b3 c5 12. f3 exf3 13. exf3 Ne8 14. Nf2 Bf6 15. Bb2
Bd7 16. f4 Nf7 17. Qc2 Nc7 18. a4 Na6 19. Nd3 Bd4+ 20. Kh1 Qf6 21. Rae1 Rae8
22. Nd1 Bxb2 23. Qxb2 Qxb2 24. N1xb2 Rxe1 25. Rxe1 Re8 26. Rxe8+ Bxe8 27. Nd1
b6 28. Ne3 Bd7 29. Bh3 Nh6 30. Kg1 Kf8 31. Kf1 Ke7 32. Ke2 g6 33. Kd2 Nc7 34.
Nf2 Ne8 35. Bg2 Ng8 36. Bf3 Ngf6 37. Kd3 Ng7 38. Bd1 a5 39. Bf3 h6 40. h4 Kf7
41. Nf1 g5 42. hxg5 hxg5 43. fxg5 Nh7 44. g6+ Kxg6 45. g4 Ng5 46. gxf5+ Nxf5
47. Be4 Kf6 48. Bxf5 Bxf5+ 49. Kc3 1/2-1/2

[Event "CorpSoft Nordic 2006"]
[Site "Valby"]
[Date "2006.04.27"]
[Round "6"]
[White "Lund, Silas"]
[Black "Aadnoy, Hallvard"]
[Result "0-1"]
[WhiteElo "2319"]
[BlackElo "2266"]
[PlyCount "78"]
[EventDate "2006.??.??"]

1. d4 Nf6 2. c4 c5 3. d5 e6 4. Nc3 exd5 5. cxd5 Bd6 6. Nf3 O-O 7. Bg5 Re8 8.
Qd3 Bc7 9. d6 Ba5 10. O-O-O Nc6 11. Qf5 Bxc3 12. bxc3 Re6 13. Qxc5 b5 14. e3
Rb8 15. Nd4 Re5 16. Nxc6 Rxc5 17. Nxd8 Rxg5 18. e4 Ba6 19. Nxf7 Kxf7 20. f4 Rc5
21. Bd3 Rb6 22. e5 Nd5 23. Bxh7 Bc8 24. Rd3 b4 25. c4 Rxc4+ 26. Kb2 Rc5 27. g3
g6 28. f5 gxf5 29. Bxf5 Nf6 30. Re1 Rbb5 31. Rde3 Rc3 32. Bd3 Rd5 33. Bc2 Ng4
34. Rxc3 bxc3+ 35. Kxc3 Rc5+ 36. Kb2 Nxe5 37. Bb3+ Kg7 38. Rf1 Ba6 39. Rf5 Nd3+
0-1